000 00689nam a2200253Ia 4500
003 OSt
005 20220918184602.0
006 a|||||r|||| 00| 0
007 ta
008 220917b |||||||| |||| 00| 0 eng d
024 _a47,195
037 _cTextual
040 _aARTS
_cARTS
_beng
041 _2eng
_aeng
082 _aP, K6 (PD)-;5
100 _aBloomfield Leonard
_965303
245 0 _aLanguage
260 _aNew York
_bHolt , Rinehart and Winston
_c1966
300 _aix,564p.
_ccm.
500 _aBib 525-45p; Tables of phonetic symbol 547-49p
650 _aLINGUISTICS
942 _hP, K6 (PD)-;5
_cTEXL
_2CC
999 _c177064
_d177064